000
00224nam a22000857a 4500
008
161229b xxu||||| |||| 00| 0 eng d
100
_9
2233
_a
Singh.G
245
_a
Apc of General Knowledgle-6
260
_a
New Delhi
_b
Faith Book
_c
2010
999
_c
5120
_d
5120